000 00974cab a2200337 4500
001 WB3141-59
008 090401t xxu||||| |||| 00| 0 eng d
035 _a(Sirsi) u15253
041 _aeng
245 _aSouth Wales
300 _aLOAN
350 _a0
490 _aWestern Mail
_v(4) South Wales 2000, (40)
520 _aHandbook on Welsh commercial and cultural successes. Includes articles on inward investment, the coal industry, Cardiff bay, Merthyr Tydfil, Welsh Development Agency, Bute Avenue, and Rhymney Valley.
650 _aBUTE AVENUE
650 _aCARDIFF
650 _aCELTIC MANOR
650 _aCOAL INDUSTRY
650 _aFORESTRY
650 _aFORESTS
650 _aINWARD INVESTMENT
650 _aMERTHYR TYDFIL
650 _aRHYMNEY VALLEY
650 _aSOUTH GLAMORGAN CC
650 _aSOUTH WALES
650 _aWALES
650 _aWELSH DEVELOPMENT AGENCY
690 _aSPECIAL REPORTS
942 _n0
948 _c04/03/1997
999 _c9979
_d9979